Mis-Matched Slogans Quiz Stats

 Plays Quiz Updated Jun 23, 2016

Also try: Mis-Matched Movies
Challenge
Share
Tweet
Score 0/24 Timer 07:00
2 Plays Today
% Correct
Got flowers?
91.1%
Sometimes you feel like a nut, Folgers in your cup
90.5%
It takes a tough man to make lickin' good
90.1%
I've fallen and I bought the company
89.8%
Look, Ma, no champions!
89.7%
Live in your world, not in your hands
89.4%
Better sound through Kay
88.9%
Hungry? Grab Mike
88.9%
Put a tiger in your Deere
88.4%
The happiest drop
87.7%
Pardon me, but do you have any drugs?
87.5%
Obey your bun
86.9%
% Correct
Pork. The other Charmin
86.3%
Because I'm what's for dinner
86.2%
Snap into the walking
85.4%
Think fresh
83.8%
When it absolutely, positively has to stop
83.8%
There is no Dew
82.5%
We try forever
81.7%
Don't be a kid
80.6%
Where's the planet?
79.6%
Stronger than just one
78.8%
Tastes so good cats do ya
78.6%
Don't send the very best
78.6%

You're not logged in!

Compare scores with friends on all Sporcle quizzes.
OR
Log In

You Might Also Like...

Show Comments

Extras

Top Quizzes Today


Score Distribution

Your Account Isn't Verified!

In order to create a playlist on Sporcle, you need to verify the email address you used during registration. Go to your Sporcle Settings to finish the process.

Report this User

Report this user for behavior that violates our Community Guidelines.

Details: